Normal view
MARC view
Entry Personal Name
001 - CONTROL NUMBER
- control field: 17910
003 - CONTROL NUMBER IDENTIFIER
- control field: OSt
005 - DATE AND TIME OF LATEST TRANSACTION
- control field: 20240626095419.0
008 - FIXED-LENGTH DATA ELEMENTS
- fixed length control field: 240626|| aca||aabn | a|a d
040 ## - CATALOGING SOURCE
- Original cataloging agency: OSt
- Transcribing agency: OSt
100 ## - HEADING--PERSONAL NAME
- Personal name: Anderson, Bridget,
- Titles and other words associated with a name: D. Phil
670 ## - SOURCE DATA FOUND
- Source citation: Work cat.: (OSt)8867: Anderson, Bridget, D. Phil., Doing the dirty work? :, 2000.
